Kobenhavn Biggest Transfers - Statistics

General Stats
  • This quiz has been taken 24 times
  • The average score is 49 of 121
Answer Stats
% Correct
Incomings Denmark ST Andreas Cornelius 22/23 Trabzonspor
81%
Incomings Denmark ST Andreas Cornelius 13/14 Cardiff City
81%
Outgoings Denmark ST Andreas Cornelius 13/14 Cardiff City
81%
Outgoings Denmark ST Andreas Cornelius 17/18 Atalanta
81%
Incomings Poland GK Kamil Grabara 21/22 Liverpool
81%
Outgoings Poland GK Kamil Grabara 24/25 Wolfsburg
81%
Incomings Ghana CB Daniel Amartey 14/15 Djurgardens
75%
Outgoings Ghana CB Daniel Amartey 15/16 Leicester City
75%
Incomings Denmark LM Robert Skov 17/18 Sile
75%
Outgoings Denmark LM Robert Skov 19/20 Hoffenheim
75%
Incomings Sweden GK Robin Olsen 16/17 PAOK
75%
Outgoings Sweden GK Robin Olsen 18/19 Roma
75%
Outgoings Denmark CM Thomas Delaney 16/17 Werder Bremen
75%
Outgoings Denmark ST Jonas Wind 21/22 Wolfsburg
69%
Outgoings Denmark LW Mohamed Daramy 21/22 Ajax
69%
Outgoings Denmark LB Victor Kristiansen 22/23 Leicester City
69%
Incomings Norway LB Birger Meling 23/24 Rennes
63%
Incomings Slovakia CB Denis Vavro 22/23 Lazio
63%
Incomings Slovakia CB Denis Vavro 17/18 Zilina
63%
Outgoings Slovenia CB Denis Vavro 19/20 Lazio
63%
Incomings Denmark LW Jesper Gronkjaer 06/07 Stuttgart
63%
Outgoings Denmark ST Rasmus Hojlund 21/22 Sturm Graz
63%
Incomings Senegal ST Dame N'Doye 08/09 OFI Crete
56%
Outgoings Senegal ST Dame N'Doye 12/13 Lokomotiv Moscow
56%
Outgoings Iceland LW Hakon Arnar Haraldsson 23/24 Lille
56%
Incomings Denmark CM Jens Stage 19/20 Aarhus
56%
Outgoings Denmark CM Jens Stage 22/23 Werder Bremen
56%
Incomings Sweden ST Jordan Larsson 23/24 Schalke
56%
Incomings Sweden LB Ludwig Augustinsson 14/15 Goteborg
56%
Outgoings Sweden LB Ludwig Augustinsson 17/18 Werder Bremen
56%
Incomings Portugal CM Diogo Goncalves 22/23 Benfica
50%
Incomings Tunisia LW Elias Achouri 23/24 Viborg
50%
Incomings Spain AM Pep Biel 19/20 Real Zaragoza
50%
Outgoings Spain AM Pep Biel 22/23 Olympiacos
50%
Incomings Denmark RB Peter Ankersen 16/17 RB Salzburg
50%
Outgoings Denmark RB Peter Ankersen 19/20 Genoa
50%
Incomings Sweden CB Peter Larsson 08/09 Halmstads
50%
Incomings Denmark CB Victor Nelsson 19/20 Nordsjaelland
50%
Outgoings Denmark CB Victor Nelsson 21/22 Galatasaray
50%
Incomings Denmark LW Viktor Fischer 17/18 Mainz
50%
Outgoings Denmark LW Viktor Fischer 21/22 Royal Antwerp
50%
Incomings Canada DM Atiba Hutchinson 05/06 Helsingborgs
44%
Incomings Slovenia LW Benjamin Verbic 15/16 Celje
44%
Outgoings Slovenia LW Benjamin Verbic 17/18 Dynamo Kyiv
44%
Outgoings Norway CB Brede Hangeland 07/08 Fulham
44%
Outgoings Costa Rica LB Bryan Oviedo 12/13 Everton
44%
Outgoings Denmark DM Christian Poulsen 02/03 Schalke
44%
Incomings Iceland CM Isak Bergmann Johannesson 21/22 Norrkoping
44%
Incomings Denmark CM Lukas Lerager 22/23 Genoa
44%
Outgoings Denmark CB Mathias Jorgensen 17/18 Huddersfield Town
44%
Outgoings Denmark ST Nicolai Jorgensen 16/17 Feyenoord
44%
Incomings Cyprus ST Pieros Sotiriou 17/18 APOEL Nicosia
44%
Outgoings Cyprus ST Pieros Sotiriou 19/20 Astana
44%
Outgoings Denmark DM William Kvist 11/12 Stuttgart
44%
Incomings Nigeria RW Akinkunmi Amoo 21/22 Hammarby
38%
Incomings Denmark RW Brian Laudrup 98/99 Chelsea
38%
Outgoings Denmark RW Brian Laudrup 99/00 Ajax
38%
Incomings Brazil SS Cesar Santin 08/09 Kalmar
38%
Incomings Georgia CB Davit Khocholava 21/22 Shakhtar Donetsk
38%
Incomings Paraguay ST Federico Santander 15/16 Guarani
38%
Outgoings Paraguay ST Federico Santander 18/19 Bologna
38%
Outgoings Finland GK Jesse Joronen 19/20 Brescia
38%
Incomings Denmark ST Mikkel Kaufmann 19/20 Aalborg
38%
Outgoings Denmark ST Mikkel Kaufmann 23/24 Union Berlin
38%
Outgoings Denmark LB Niclas Jensen 01/02 Manchester City
38%
Outgoings Iceland CB Ragnar Sigurdsson 13/14 Krasnodar
38%
Incomings Denmark GK Theo Sander 23/24 Aalborg
38%
Incomings Brazil ST Alvaro Santos 03/04 Helsingborgs
31%
Outgoings Brazil ST Alvaro Santos 06/07 Sochaux
31%
Incomings Costa Rica RW Christian Bolanos 10/11 Start
31%
Incomings Denmark LB Christian Sorensen 22/23 Viborg
31%
Incomings Uruguay RB Guillermo Varela 18/19 Penarol
31%
Outgoings Uruguay RB Guillermo Varela 21/22 Dynamo Moscow
31%
Incomings Angola ST Igor Vetokele 12/13 Cercle Brugge
31%
Outgoings Angola ST Igor Vetokele 14/15 Charlton Athletic
31%
Incomings South Africa LW Luther Singh 21/22 Braga
31%
Incomings France ST Mamoudou Karamoko 21/22 LASK
31%
Incomings Greece CB Marios Ikonomou 20/21 AEK Athens
31%
Incomings Uruguay ST Michael Santos 19/20 Malaga
31%
Incomings Senegal SS Pape Pate Diouf 11/12 Molde
31%
Incomings Nigeria LW Paul Mukairu 21/22 Antalyaspor
31%
Incomings Sweden LB Pierre Bengtsson 17/18 Mainz
31%
Incomings Sweden DM Tobias Linderoth 04/05 Everton
31%
Outgoings Sweden DM Tobias Linderoth 07/08 Galatasaray
31%
Outgoings Denmark ST William Boving 22/23 Sturm Graz
31%
Incomings Serbia ST Andrija Pavlovic 16/17 Cukaricki
25%
Outgoings Serbia ST Andrija Pavlovic 18/19 Rapid Vienna
25%
Incomings Brazil DM Claudemir 10/11 Vitesse
25%
Incomings Sweden GK Johan Sellberg-Wiland 08/09 Elfsborg
25%
Incomings Croatia RB Karlo Bartolec 19/20 Nordsjaelland
25%
Incomings Bosnia ST Kenan Kodro 18/19 Mainz
25%
Incomings Denmark CB Martin Albrechtsen 01/02 Akademisk
25%
Outgoings Denmark CB Martin Albrechtsen 04/05 West Bromwich Albion
25%
Incomings Czech Republic CB Michael Luftner 17/18 Slavia Prague
25%
Incomings Croatia CM Robert Mudrazija 18/19 Osijek
25%
Incomings Denmark CB Ulrik Laursen 07/08 Odense
25%
Incomings Serbia CM Uros Matic 16/17 Sturm Graz
25%
Incomings Czech Republic RB Zdenek Pospech 07/08 Sparta Prague
25%
Outgoings South Africa AM Elrio van Heerden 05/06 Club Brugge
19%
Incomings Sweden CB Erik Berg 15/16 Gent
19%
Incomings Argentina DM Franco Mussis 14/15 Gimnasia
19%
Outgoings Argentina DM Franco Mussis 14/15 San Lorenzo
19%
Incomings Slovakia CM Jan Gregus 16/17 Jablonec
19%
Outgoings Slovakia CM Jan Gregus 18/19 Minnesota United
19%
Incomings Denmark RW Kasper Kusk 15/16 Twente
19%
Incomings Denmark CM Martin Vingaard 08/09 Esbjerg
19%
Incomings Denmark CB Michael Gravgaard 05/06 Viborg
19%
Outgoings Denmark CB Michael Gravgaard 08/09 Nantes
19%
Outgoings Denmark AM Michael Johansen 96/97 Bolton Wanderers
19%
Incomings Norway ST Mustafa Abdellaoue 11/12 Valerenga
19%
Outgoings Denmark RM Per Frandsen 96/97 Bolton Wanderers
19%
Incomings Iceland CB Solvi Ottesen 10/11 Sonderjyske
19%
Incomings Brazil ST Ailton 06/07 Orgryte
13%
Outgoings Sweden ST Fredrik Berglund 07/08 Elfsborg
13%
Incomings Germany ST Marvin Pourie 13/14 Silkeborg
13%
Incomings Denmark CB Michael Jakobsen 12/13 Almeria
13%
Incomings Denmark ST Morten Nordstrand 07/08 Nordsjaelland
13%
Incomings Belgium CM Steve De Ridder 14/15 Utrecht
13%
Outgoings Denmark CM Jesper Bech 05/06 Malmo
6%
Incomings Georgia ST Mikhail Ashvetia 01/02 Torpedo Kutaisi
6%
Outgoings Denmark ST Thomas Thorninger 02/03 Udinese
6%
No matching quizzes found
Score Distribution
Percent of People with Each Score
Percentile by Number Answered
Your Score History
You have not taken this quiz